[Event "Belgrade-chT Quality"]
[Site "Belgrade"]
[Date "2015.10.25"]
[Round "7"]
[White "Knezevic, Milorad G"]
[Black "Vucicevic, Milos"]
[Result "1/2-1/2"]
[WhiteElo "2213"]
[BlackElo "2215"]
[PlyCount "102"]
[EventDate "2015.10.03"]
[EventType "team-tourn"]
[EventRounds "11"]
[EventCountry "SRB"]
[SourceTitle "EXT 2018"]
[Source "ChessBase"]
[SourceDate "2017.10.13"]
[SourceVersion "1"]
[SourceVersionDate "2017.10.13"]
[SourceQuality "1"]

1. e4 c5 2. Nc3 Nc6 3. g3 g6 4. Bg2 Bg7 5. d3 d6 6. f4 e6 7. Nf3 Nge7 8. Be3 Nd4 9. 0-0 0-0 10. Qd2 Rb8 11. Rae1 Nec6 12. Nh4 f5 13. Nd1 Ne7 14. c3 Ndc6 15. Nf3 b6 16. h3 h6 17. Kh2 Kh7 18. Bf2 d5 19. exf5 exf5 20. d4 c4 21. Ne3 Qd6 22. Ne5 Be6 23. Re2 b5 24. Rfe1 Bg8 25. Qc2 Rbd8 26. g4 Nxe5 27. dxe5 Qc7 28. gxf5 Nxf5 29. Nxf5 Rxf5 30. Bg3 Be6 31. Rd1 Qf7 32. Rd4 Bf8 33. Qd1 Bc5 34. h4 Bxd4 35. Qxd4 Qd7 36. Rd2 h5 37. Qe3 Qc6 38. Qxa7+ Rd7 39. Qe3 Rf8 40. a3 Bf5 41. Qd4 Rfd8 42. Bf2 Be4 43. Qb6 Qxb6 44. Bxb6 Bxg2 45. Bxd8 Be4 46. Bg5 Bf5 47. Kg3 Kg7 48. Kf3 Kf7 49. Ke3 Ke6 50. Kd4 Rc7 51. Rd1 Rc8 1/2-1/2

[Event "Belgrade-chT Quality"]
[Site "Belgrade"]
[Date "2015.10.11"]
[Round "4"]
[White "Vucicevic, Milos"]
[Black "Landup, Darko"]
[Result "1/2-1/2"]
[WhiteElo "2215"]
[BlackElo "2205"]
[PlyCount "83"]
[EventDate "2015.10.03"]
[EventType "team-tourn"]
[EventRounds "11"]
[EventCountry "SRB"]
[SourceTitle "EXT 2018"]
[Source "ChessBase"]
[SourceDate "2017.10.13"]
[SourceVersion "1"]
[SourceVersionDate "2017.10.13"]
[SourceQuality "1"]

1. e4 e6 2. d4 d5 3. e5 c5 4. c3 Nc6 5. Nf3 Bd7 6. Bd3 Rc8 7. dxc5 Bxc5 8. 0-0 Nge7 9. Re1 Ng6 10. b4 Bb6 11. b5 Na5 12. a4 f6 13. h4 0-0 14. Bxg6 hxg6 15. Qd3 Nc4 16. Qxg6 Nxe5 17. Rxe5 Be8 18. Qg4 fxe5 19. Qxe6+ Bf7 20. Qxe5 Qd7 21. Nbd2 Rce8 22. Qg5 Re2 23. Nd4 Re1+ 24. Nf1 Bd8 25. Qd2 Rfe8 26. Bb2 Rxa1 27. Bxa1 Bxh4 28. Bb2 Qg4 29. Bc1 Bf6 30. Ne3 Qe4 31. Ndc2 Re5 32. f3 Qxa4 33. Ng4 Re6 34. Nxf6+ Rxf6 35. Nd4 a6 36. bxa6 bxa6 37. Kf2 a5 38. Qb2 Qc4 39. Qb8+ Kh7 40. Qh2+ Kg8 41. Qb8+ Kh7 42. Qh2+ 1/2-1/2

[Event "SRB-chT"]
[Site "Belgrade"]
[Date "2010.10.05"]
[Round "5"]
[White "Vucicevic, Milos"]
[Black "Dobrijevic, Milan"]
[Result "1-0"]
[WhiteElo "2258"]
[BlackElo "2210"]
[PlyCount "67"]
[EventDate "2010.10.01"]
[EventType "team-tourn"]
[EventRounds "11"]
[EventCountry "YUG"]
[SourceTitle "CBM 138 Extra"]
[Source "ChessBase"]
[SourceDate "2010.10.29"]
[SourceVersion "1"]
[SourceVersionDate "2010.10.29"]
[SourceQuality "1"]

1. e4 c5 2. Nf3 d6 3. d4 cxd4 4. Nxd4 Nf6 5. Nc3 g6 6. Be3 Bg7 7. Be2 0-0 8. Qd2 Nc6 9. 0-0 Ng4 10. Bxg4 Bxg4 11. Nd5 Rc8 12. c4 Bd7 13. b3 e6 14. Nc3 f5 15. f4 g5 16. Nde2 e5 17. fxe5 f4 18. Qd5+ Kh8 19. e6 Bxe6 20. Qxe6 fxe3 21. Rxf8+ Qxf8 22. Rf1 Qe8 23. Qh3 Nd4 24. Qxe3 Nxe2+ 25. Nxe2 Rc5 26. Ng3 Be5 27. Nf5 Qh5 28. g3 b6 29. Qd2 Qg4 30. Nxd6 Bxg3 31. Qg2 Rc6 32. Nf7+ Kg7 33. Qxg3 Qxe4 34. Qc3+ 1-0

[Event "SRB-chT"]
[Site "Belgrade"]
[Date "2010.10.03"]
[Round "3"]
[White "Jovanovic, Zoran"]
[Black "Vucicevic, Milos"]
[Result "1-0"]
[WhiteElo "2339"]
[BlackElo "2258"]
[PlyCount "80"]
[EventDate "2010.10.01"]
[EventType "team-tourn"]
[EventRounds "11"]
[EventCountry "YUG"]
[SourceTitle "CBM 138 Extra"]
[Source "ChessBase"]
[SourceDate "2010.10.29"]
[SourceVersion "1"]
[SourceVersionDate "2010.10.29"]
[SourceQuality "1"]

1. e4 c5 2. f4 e6 3. Nf3 Nc6 4. Bb5 Nge7 5. 0-0 a6 6. Be2 d5 7. d3 b6 8. c3 Bb7 9. Nbd2 g6 10. Re1 Bg7 11. Qc2 0-0 12. Nf1 Qd7 13. Ng3 f5 14. e5 Rfe8 15. d4 cxd4 16. cxd4 Rac8 17. Qb3 b5 18. Bd2 h6 19. Nh1 Qc7 20. Qe3 Qb6 21. Nf2 Nb8 22. Nd3 Nd7 23. b4 Kf7 24. a4 bxa4 25. Nc5 Bc6 26. Bd1 Bf8 27. h4 Nxc5 28. bxc5 Qb7 29. h5 Bg7 30. Nh4 Rg8 31. hxg6+ Ke8 32. Bxa4 Bb5 33. Bc2 Bf8 34. Bd1 Kd7 35. Bh5 Bg7 36. Reb1 Qc6 37. Be1 Rb8 38. Rb4 Rb7 39. Kh2 Rbb8 40. Nf3 Bc4 1-0